[Event "Charity Cup - Preliminari"]
[Site "Internet"]
[Date "19.03.2022"]
[Round "1"]
[White "Ding Liren"]
[Black "Harikrishna, Pentala"]
[Result "1-0"]
[WhiteElo "2799"]
[BlackElo "2716"]
[EventDate "19.03.2022"]

1. g3 d5 2. Nf3 c5 3. Bg2 Nc6 4. d4 Nf6 5. O-O e6 6. c4 dxc4 7. Qa4 Bd7 8.
Qxc4 cxd4 9. Nxd4 Rc8 10. Nc3 Nxd4 11. Qxd4 Bc5 12. Qh4 h6 13. Bxb7 Rb8 14.
Ne4 Be7 15. Ba6 O-O 16. Nxf6+ Bxf6 17. Qe4 Bb5 18. Bxb5 Rxb5 19. a4 Rb8 20.
Rb1 Rb3 21. Be3 Qa5 22. Rfc1 Qa6 23. Qc4 Qb7 24. a5 a6 25. Qc6 Qb5 26. Qxb5
Rxb5 27. b4 Rfb8 28. Bb6 Be7 29. Rc4 h5 30. Kg2 g5 31. h3 Kg7 32. g4 hxg4
33. hxg4 Kg6 34. Kf3 Rh8 35. Bc5 Bf6 36. e3 Be5 37. Rd1 Rc8 38. Rd7 Rc7 39.
Rxc7 Bxc7 40. Bf8 Rb8 41. Rxc7 Rxf8 42. Rc6 Rb8 43. Rb6 Ra8 44. Ke4 Kf6 45.
Kd4 Rd8+ 46. Kc5 Rd2 47. Rxa6 Rxf2 48. Rc6 Ke5 49. a6 Ra2 50. b5 f5 51.
gxf5 exf5 52. Kb6 g4 53. Ka7 Ke4 54. b6 g3 55. b7 Rb2 56. Rg6 g2 57. b8=Q
1-0

[Event "Charity Cup - Preliminari"]
[Site "Internet"]
[Date "19.03.2022"]
[Round "1"]
[White "Carlsen, Magnus"]
[Black "Duda, Jan-Krzysztof"]
[Result "1/2-1/2"]
[WhiteElo "2864"]
[BlackElo "2750"]
[EventDate "19.03.2022"]

1. Nf3 d5 2. g3 Bg4 3. Bg2 e6 4. c4 c6 5. cxd5 Bxf3 6. Bxf3 cxd5 7. O-O Nc6
8. d4 Nf6 9. Nc3 Be7 10. e3 O-O 11. Bd2 Qd7 12. Qa4 Rfc8 13. Rfc1 Ne8 14.
Ne2 Rc7 15. Kg2 Nd6 16. Nf4 Nc4 17. Bc3 b5 18. Qxb5 Rb8 19. Qa4 Nxb2 20.
Bxb2 Rxb2 21. Nd3 Rb8 22. Nc5 Bxc5 23. Rxc5 Ne7 24. Qxd7 Rxd7 25. a4 Rb2
26. h4 g6 27. g4 h5 28. Rac1 hxg4 29. Bxg4 Kg7 30. a5 Kf6 31. Rc7 Rxc7 32.
Rxc7 Ra2 33. Rxa7 Nc6 34. Rc7 Nxa5 35. Ra7 Ra3 36. h5 Nc4 37. Rxa3 Nxa3 38.
hxg6 Kxg6 39. Be2 Kg5 40. Bd3 Nc4 41. Kg3 Nd6 42. f3 f6 43. e4 dxe4 44.
fxe4 e5 45. dxe5 Nxe4+ 46. Bxe4 fxe5 47. Bc2 e4 48. Bxe4 1/2-1/2

[Event "Charity Cup - Preliminari"]
[Site "Internet"]
[Date "19.03.2022"]
[Round "1"]
[White "Navara, David"]
[Black "Vidit Santosh Gujrathi"]
[Result "1/2-1/2"]
[WhiteElo "2700"]
[BlackElo "2723"]
[EventDate "19.03.2022"]

1. d4 Nf6 2. c4 e6 3. Nf3 d5 4. Nc3 c5 5. cxd5 cxd4 6. Qxd4 exd5 7. Bg5 Be7
8. e3 O-O 9. Rd1 Be6 10. Be2 Nc6 11. Qa4 h6 12. Bh4 Qb6 13. Qb5 Qxb5 14.
Bxb5 Rfd8 15. O-O g5 16. Bg3 Ne4 17. Nxe4 dxe4 18. Bxc6 bxc6 19. Nd4 Bd7
20. Nb3 Be6 21. Nd4 Bd7 22. Nb3 Be6 23. Nd4 1/2-1/2

[Event "Charity Cup - Preliminari"]
[Site "Internet"]
[Date "19.03.2022"]
[Round "1"]
[White "Rapport, Richard"]
[Black "Ju Wenjun"]
[Result "1-0"]
[WhiteElo "2762"]
[BlackElo "2560"]
[EventDate "19.03.2022"]

1. e4 e5 2. Nf3 Nc6 3. g3 Nf6 4. d3 g6 5. Bg2 Bg7 6. Nc3 O-O 7. h3 Re8 8.
Nh2 d6 9. Ng4 Nxg4 10. hxg4 Nd4 11. Nd5 c6 12. Ne3 Be6 13. c3 Nb5 14. Nf5
Bxf5 15. gxf5 d5 16. Qg4 dxe4 17. Bxe4 Nd6 18. Qh3 Nxe4 19. Qxh7+ Kf8 20.
Bh6 Bxh6 21. Qxh6+ Ke7 22. dxe4 Rh8 23. Qxh8 Qxh8 24. Rxh8 Rxh8 25. fxg6
fxg6 26. Ke2 Ke6 27. Rd1 a5 28. c4 b6 29. Rd3 Rf8 30. Rb3 Rb8 31. c5 b5 32.
Rd3 Rc8 33. Rd6+ Kf7 34. Kf3 a4 35. Kg4 Ke7 36. b4 1-0

[Event "Charity Cup - Preliminari"]
[Site "Internet"]
[Date "19.03.2022"]
[Round "1"]
[White "Lei Tingjie"]
[Black "Le Quang Liem"]
[Result "0-1"]
[WhiteElo "2535"]
[BlackElo "2709"]
[EventDate "19.03.2022"]

1. e4 e5 2. Nf3 Nc6 3. Bc4 Nf6 4. Ng5 d5 5. exd5 Na5 6. Bb5+ c6 7. dxc6
bxc6 8. Bd3 Nd5 9. Nf3 Bd6 10. O-O O-O 11. Re1 f5 12. Nxe5 Qf6 13. Nf3 g5
14. c4 Nf4 15. Bf1 g4 16. d4 gxf3 17. Qxf3 Ne6 18. Qc3 Qh4 19. h3 c5 20. d5
Nd4 21. Qxa5 f4 22. Re4 Nf3+ 23. gxf3 Bxh3 24. Qe1 Rf6 25. Bxf4 Bxf4 26.
Bxh3 Qxh3 27. Rxf4 Rxf4 28. Qe6+ Qxe6 29. dxe6 Re8 30. Nc3 Rxe6 31. Rd1 Rd4
32. Rb1 Rxc4 33. Ne4 Rc2 34. Rd1 Re7 35. a4 c4 36. Rd8+ Kg7 37. Rc8 Rb7 38.
a5 a6 39. Rc6 Rbxb2 40. Rxa6 c3 41. Ra7+ Kf8 42. Rc7 Rc1+ 43. Kg2 c2 44.
Ng5 Re1 0-1

[Event "Charity Cup - Preliminari"]
[Site "Internet"]
[Date "19.03.2022"]
[Round "1"]
[White "Praggnanandhaa, Rameshbabu"]
[Black "Jones, Gawain"]
[Result "1/2-1/2"]
[WhiteElo "2619"]
[BlackElo "2672"]
[EventDate "19.03.2022"]

1. d4 Nf6 2. c4 g6 3. Nc3 Bg7 4. e4 d6 5. Be2 O-O 6. Be3 Nc6 7. d5 Ne5 8.
f4 Neg4 9. Bd2 Nh6 10. Nf3 c6 11. a4 cxd5 12. cxd5 e6 13. dxe6 Bxe6 14. O-O
Rc8 15. Kh1 Re8 16. a5 Rc5 17. a6 bxa6 18. Rxa6 Bc8 19. Ra4 Bb7 20. Ng5 Bc6
21. Rxa7 Nxe4 22. Ncxe4 Bxe4 23. Nxe4 Rxe4 24. Bf3 Re8 25. b4 Rc7 26. Rxc7
Qxc7 27. g4 Qc4 28. Re1 Rb8 29. Re4 Qd3 30. Re3 Qc4 31. Re4 Qd3 32. Qe2
Qb1+ 33. Qe1 Qd3 34. Re3 Qc4 35. Kg2 d5 36. Re8+ Rxe8 37. Qxe8+ Bf8 38. Qe2
Qb3 39. b5 d4 40. Kg3 Bd6 41. Qe8+ Kg7 42. Qc6 Bb4 43. Bxb4 Qxb4 44. b6
Qe1+ 45. Kh3 Qf1+ 46. Kg3 Qe1+ 47. Kg2 Qd2+ 48. Kh3 Qxf4 49. b7 f5 50. Qd7+
Nf7 51. Kg2 Qd2+ 52. Kh3 fxg4+ 53. Bxg4 Qe3+ 54. Kg2 Qd2+ 55. Kg3 Qe1+ 56.
Kg2 Qd2+ 57. Kg3 Qe1+ 58. Kg2 Qd2+ 1/2-1/2

[Event "Charity Cup - Preliminari"]
[Site "Internet"]
[Date "19.03.2022"]
[Round "1"]
[White "Van Foreest, Jorden"]
[Black "Anton, David"]
[Result "1-0"]
[WhiteElo "2714"]
[BlackElo "2694"]
[EventDate "19.03.2022"]

1. e4 c6 2. d4 d5 3. e5 Bf5 4. g4 Be4 5. f3 Bg6 6. h4 h5 7. Nh3 e6 8. Nf4
Ne7 9. Nc3 a6 10. Nxg6 Nxg6 11. Bg5 Be7 12. f4 hxg4 13. Qxg4 c5 14. Bd3
cxd4 15. Bxg6 dxc3 16. Qxe6 fxg6 17. O-O-O Nc6 18. Rxd5 Qb6 19. Qxg6+ Kf8
20. Bxe7+ Kg8 21. Ba3 Qe3+ 22. Kb1 Rh6 23. Qg4 Kh8 24. Rd7 Rg8 25. Rg1 Rh7
26. bxc3 Na5 27. Bb4 Nc4 28. Rd4 b5 29. Rd3 Qb6 30. Bd6 Qf2 31. h5 Ne3 32.
Rxe3 Qxe3 33. e6 1-0

[Event "Charity Cup - Preliminari"]
[Site "Internet"]
[Date "19.03.2022"]
[Round "2"]
[White "Niemann, Hans Moke"]
[Black "Anton, David"]
[Result "1-0"]
[WhiteElo "2642"]
[BlackElo "2694"]
[EventDate "19.03.2022"]

1. d4 d5 2. Nc3 Nf6 3. Bf4 e6 4. Nb5 Bb4+ 5. c3 Ba5 6. e3 a6 7. Na3 O-O 8.
Nf3 Nbd7 9. Be2 Ne4 10. Nb1 g5 11. Bg3 h5 12. Bd3 Qe7 13. Bxe4 dxe4 14.
Nfd2 h4 15. Bxh4 f5 16. Bg3 b5 17. h4 f4 18. Bh2 e5 19. hxg5 Qxg5 20. Qb3+
Rf7 21. exf4 exf4 22. Nxe4 Qg6 23. Nbd2 Bb7 24. f3 c5 25. dxc5 Nxc5 26.
Nxc5 Re8+ 27. Kd1 Bb6 28. Nxb7 Qxg2 29. Nd6 1-0

[Event "Charity Cup - Preliminari"]
[Site "Internet"]
[Date "19.03.2022"]
[Round "2"]
[White "Jones, Gawain"]
[Black "Van Foreest, Jorden"]
[Result "0-1"]
[WhiteElo "2672"]
[BlackElo "2714"]
[EventDate "19.03.2022"]

1. e4 e5 2. Nf3 Nc6 3. Bc4 Nf6 4. d3 Bc5 5. O-O d6 6. c3 a6 7. a4 Ba7 8.
Re1 O-O 9. h3 Be6 10. Bxe6 fxe6 11. b4 Nh5 12. Ra2 Qe8 13. Be3 Nf4 14. Bxa7
Rxa7 15. Kh2 b5 16. g3 Nh5 17. Kg2 Qg6 18. Re3 bxa4 19. Nh4 Qe8 20. Qxa4 a5
21. b5 Nb8 22. d4 Nd7 23. dxe5 Nxe5 24. Qd4 Ra8 25. Na3 Qf7 26. Qd1 Nf6 27.
Qe2 Nfd7 28. f4 Ng6 29. Nf3 Nc5 30. Nc4 a4 31. Ng5 Qe8 32. f5 Ne7 33. Nd2
Nc8 34. Ndf3 e5 35. Qc4+ Kh8 36. Rf2 Nb6 37. Qa2 h6 38. Nh4 hxg5 39. Ng6+
Kh7 40. Qe2 Nbd7 41. Nxf8+ Qxf8 42. Qh5+ Kg8 43. Qxg5 a3 44. Ree2 Nf6 45.
Qc1 Nd3 46. Qb1 Nxf2 47. Rxf2 Qf7 48. b6 cxb6 0-1

[Event "Charity Cup - Preliminari"]
[Site "Internet"]
[Date "19.03.2022"]
[Round "2"]
[White "Le Quang Liem"]
[Black "Praggnanandhaa, Rameshbabu"]
[Result "1-0"]
[WhiteElo "2709"]
[BlackElo "2619"]
[EventDate "19.03.2022"]

1. d4 Nf6 2. c4 e6 3. Nf3 d5 4. Nc3 c5 5. e3 Nc6 6. a3 dxc4 7. Bxc4 a6 8.
O-O b5 9. Ba2 Bb7 10. Qe2 Qc7 11. Bd2 Rd8 12. Rac1 cxd4 13. exd4 Be7 14. h3
O-O 15. Rfd1 Qb8 16. Bg5 b4 17. Na4 h6 18. Bh4 Nd5 19. Bxd5 Rxd5 20. Nb6
Nxd4 21. Nxd4 Bxh4 22. Nxd5 Bxd5 23. Nc6 Qb7 24. Nxb4 Bxg2 25. Qg4 Bh1 26.
Nc6 Bxc6 27. Qxh4 Bd5 28. b4 Qb5 29. Kh2 Qe2 30. Rg1 Qb2 31. Qg3 g6 32. Rc3
a5 33. bxa5 Ra8 34. Rc7 Qd4 35. Qe3 Qxe3 36. fxe3 Rxa5 37. Rf1 e5 38. Ra1
Kg7 39. a4 Bb3 40. Ra3 Bd5 41. Kg3 g5 42. h4 Kg6 43. Rd7 f5 44. Rd6+ Kh5
45. hxg5 hxg5 46. Rb6 f4+ 47. Kf2 Rc5 48. exf4 exf4 49. Rb2 Kh4 50. a5 g4
51. Rb4 g3+ 52. Ke2 Kg5 53. a6 Ba8 54. Rb8 Re5+ 55. Kd2 Bc6 56. a7 f3 57.
Rg8+ Kh4 58. Ra6 f2 59. Rxc6 f1=Q 60. Rh6+ Rh5 61. Rxh5+ Kxh5 62. a8=Q Qf2+
63. Kd3 Qf1+ 64. Ke4 Qc4+ 65. Kf3 Qd3+ 66. Kf4 Qd2+ 67. Kxg3 Qe1+ 68. Kh3
Qe6+ 69. Kh2 Qe5+ 70. Rg3 1-0

[Event "Charity Cup - Preliminari"]
[Site "Internet"]
[Date "19.03.2022"]
[Round "2"]
[White "Ju Wenjun"]
[Black "Lei Tingjie"]
[Result "1/2-1/2"]
[WhiteElo "2560"]
[BlackElo "2535"]
[EventDate "19.03.2022"]

1. d4 Nf6 2. c4 e6 3. Nc3 Bb4 4. e3 O-O 5. Bd3 d5 6. Nf3 dxc4 7. Bxc4 c5 8.
O-O Nc6 9. a3 Ba5 10. dxc5 Bxc3 11. bxc3 Qxd1 12. Rxd1 Ne4 13. Bb2 Nxc5 14.
a4 b6 15. Ba3 Na5 16. Be2 Bb7 17. Bxc5 bxc5 18. Ne5 Rfd8 19. Rab1 f6 20.
Nd7 Rac8 21. Rb5 Ba6 22. Rxa5 Bxe2 23. Rd2 Bh5 24. Rxa7 Be8 25. f3 Bxd7 26.
Rdxd7 Rxd7 27. Rxd7 Ra8 28. Rc7 Rxa4 29. Rxc5 Ra2 30. h4 f5 31. Rc4 Rc2 32.
Kh2 Kf7 33. Kg3 Kf6 34. e4 fxe4 35. fxe4 h5 36. Rc5 g6 37. Kf3 Rc1 38. g3
e5 39. Rc6+ Kf7 40. Rc8 Rf1+ 41. Ke2 Rg1 42. Kf2 Rc1 43. Rc6 Rc2+ 44. Kf3
Rc1 45. g4 Rf1+ 46. Ke2 Rf4 47. gxh5 gxh5 48. Ke3 Rxh4 49. c4 Rh3+ 50. Kf2
Rh4 51. Kf3 Rh3+ 52. Kf2 Rh4 53. Kf3 Rh3+ 54. Kf2 1/2-1/2

[Event "Charity Cup - Preliminari"]
[Site "Internet"]
[Date "19.03.2022"]
[Round "2"]
[White "Vidit Santosh Gujrathi"]
[Black "Rapport, Richard"]
[Result "1-0"]
[WhiteElo "2723"]
[BlackElo "2762"]
[EventDate "19.03.2022"]

1. e4 e5 2. Nf3 Nc6 3. Bb5 a6 4. Ba4 Nf6 5. O-O Be7 6. Re1 b5 7. Bb3 d6 8.
c3 O-O 9. h3 Na5 10. Bc2 c5 11. d4 Qc7 12. Nbd2 Re8 13. Nf1 g6 14. Bg5 Nc4
15. b3 Nb6 16. Qd2 Bb7 17. Ng3 Nbd7 18. d5 Bf8 19. Rf1 Bg7 20. Bh6 Qd8 21.
Nh2 Bxh6 22. Qxh6 Qe7 23. a4 Qf8 24. Qd2 Nb6 25. axb5 axb5 26. Bd3 c4 27.
bxc4 bxc4 28. Be2 Rxa1 29. Rxa1 Ra8 30. Rb1 Ra6 31. Qg5 Nfd7 32. Ng4 Bc8
33. Nh5 Kh8 34. Nhf6 Ra8 35. f4 exf4 36. Qxf4 Rb8 37. Nxd7 Nxd7 38. Rxb8
Nxb8 39. e5 Bxg4 40. Bxg4 dxe5 41. Qxe5+ Kg8 42. d6 Qd8 43. Qe7 Qb6+ 44.
Kh2 Nc6 45. Qc7 Qb5 46. d7 Kg7 47. Bf3 Nd8 48. Qxd8 1-0

[Event "Charity Cup - Preliminari"]
[Site "Internet"]
[Date "19.03.2022"]
[Round "2"]
[White "Duda, Jan-Krzysztof"]
[Black "Navara, David"]
[Result "1-0"]
[WhiteElo "2750"]
[BlackElo "2700"]
[EventDate "19.03.2022"]

1. e4 e5 2. Nf3 Nc6 3. Bb5 Nf6 4. d3 Bc5 5. Bxc6 dxc6 6. Nc3 Qe7 7. Be3 O-O
8. Bxc5 Qxc5 9. h3 a5 10. a4 Rd8 11. O-O Ne8 12. Ne2 Qe7 13. Qc1 c5 14. Qe3
b6 15. Kh2 Nd6 16. b3 Bd7 17. Rg1 f6 18. g4 g5 19. Ng3 Kf7 20. Nd2 Rh8 21.
Qf3 Rag8 22. Ndf1 Be6 23. Ne3 Rf8 24. h4 h6 25. Rg2 Qd8 26. Rh1 Ke8 27. Kg1
Kd7 28. Rgh2 Kc8 29. Ngf5 Kb8 30. Ng7 Qe7 31. Nxe6 Qxe6 32. hxg5 fxg5 33.
Rxh6 Rxf3 34. Rxe6 Rxh1+ 35. Kxh1 Rxf2 36. Rxe5 Re2 37. Nd5 Rxc2 38. Rxg5
Rb2 39. Rg8+ Kb7 40. Rg7 Rxb3 41. Rxc7+ Ka6 42. Rd7 Ne8 43. Re7 Nd6 44.
Nc7+ Kb7 45. Nb5+ Kc6 46. Na7+ 1-0

[Event "Charity Cup - Preliminari"]
[Site "Internet"]
[Date "19.03.2022"]
[Round "3"]
[White "Ding Liren"]
[Black "Niemann, Hans Moke"]
[Result "0-1"]
[WhiteElo "2799"]
[BlackElo "2642"]
[EventDate "19.03.2022"]

1. c4 e5 2. g3 c6 3. Nf3 e4 4. Nd4 d5 5. cxd5 Qxd5 6. Nc2 Nf6 7. Nc3 Qe5 8.
Bg2 Na6 9. O-O Be7 10. Ne3 O-O 11. a3 Re8 12. b4 c5 13. b5 Nc7 14. a4 Ne6
15. Nc4 Qh5 16. d3 Nd4 17. dxe4 Bg4 18. f3 Be6 19. Ne3 Rad8 20. Ned5 Nxd5
21. exd5 Bxd5 22. g4 Qe5 23. f4 Nxe2+ 24. Nxe2 Qxa1 25. Bxd5 Bf6 26. Kh1 c4
27. Ng3 Bb2 28. Qc2 Bxc1 29. Qxc4 Rc8 30. Bxf7+ Kh8 31. Qd5 Red8 32. Qxb7
Qxa4 33. Be6 Rb8 34. Qe4 Qa3 35. Bc4 Bb2 36. Nf5 Qh3 37. Qe2 Bf6 38. Ng3
Re8 39. Qf3 Rbc8 40. Bf7 Red8 41. g5 Rd2 42. Ne2 Qxf3+ 43. Rxf3 Rxe2 0-1

[Event "Charity Cup - Preliminari"]
[Site "Internet"]
[Date "19.03.2022"]
[Round "3"]
[White "Navara, David"]
[Black "Harikrishna, Pentala"]
[Result "1/2-1/2"]
[WhiteElo "2700"]
[BlackElo "2716"]
[EventDate "19.03.2022"]

1. e4 c5 2. Nf3 e6 3. b3 b6 4. Bb2 Bb7 5. Nc3 Nc6 6. d4 cxd4 7. Nxd4 Nf6 8.
Nxc6 Bxc6 9. f3 b5 10. Qd3 Qa5 11. O-O-O a6 12. Kb1 Ba3 13. Bxa3 Qxa3 14.
e5 Nd5 15. Nxd5 Bxd5 16. Qe3 Rc8 17. Rd4 O-O 18. Bd3 Qe7 19. Be4 Bxe4 20.
Qxe4 Rc7 21. Rhd1 Rfc8 22. R1d2 h6 23. Rd6 Ra7 24. f4 Rcc7 25. g3 Qe8 26.
g4 Qe7 27. Rb6 Qc5 28. Rb8+ Rc8 29. Qd4 Rac7 30. Qxc5 Rxc5 31. Rxc8+ Rxc8
32. Rxd7 g5 33. f5 exf5 34. gxf5 Rc5 35. e6 fxe6 36. fxe6 Re5 37. e7 Kf7
38. Rd6 h5 39. Rxa6 Kxe7 40. Ra5 g4 41. a4 h4 42. axb5 g3 43. hxg3 hxg3 44.
Kb2 Re1 45. Ra7+ Kf6 46. Ra6+ Kf7 47. Ra7+ Kf6 48. Ra6+ Kf7 49. Ra7+ Kf6
1/2-1/2

[Event "Charity Cup - Preliminari"]
[Site "Internet"]
[Date "19.03.2022"]
[Round "3"]
[White "Rapport, Richard"]
[Black "Duda, Jan-Krzysztof"]
[Result "1/2-1/2"]
[WhiteElo "2762"]
[BlackElo "2750"]
[EventDate "19.03.2022"]

1. e4 e5 2. Nf3 Nc6 3. g3 Nf6 4. d3 g6 5. Bg2 Bg7 6. O-O O-O 7. Re1 d5 8.
exd5 Nxd5 9. Nc3 Nxc3 10. bxc3 Rb8 11. Nd2 Qd7 12. h4 b6 13. h5 Bb7 14. Rb1
Nd8 15. hxg6 hxg6 16. Rb4 Bxg2 17. Kxg2 Qd5+ 18. Qf3 Qxf3+ 19. Nxf3 c5 20.
Ra4 Nc6 21. g4 f6 22. Be3 Rfe8 23. Rb1 Bf8 24. Nd2 Re6 25. Ne4 Be7 26. Ng3
Rf8 27. Bd2 f5 28. f3 Rf7 29. Rh1 Rd6 30. Rh6 Bf8 31. Rh1 Be7 32. Bc1 a5
33. Rc4 Rd5 34. a4 f4 35. Nf1 Rh7 36. Rxh7 Kxh7 37. Re4 Bd8 38. Nd2 Kg8 39.
Nc4 Kf7 40. Bd2 Bc7 41. Re1 Rd8 42. Rh1 Kg7 43. Rb1 Rb8 44. Na3 Rh8 45. Re1
Kf7 46. Nc4 Kf6 47. Bc1 Ne7 48. Nd2 Nd5 49. Ne4+ Kg7 50. Bd2 Nf6 51. Ng5
Re8 52. c4 Kh6 53. Nf7+ Kg7 54. Ng5 Kh6 55. Nh3 g5 56. Bc3 Kg6 57. Nf2 Kf7
58. Rb1 Re7 59. Rh1 Kg7 60. Bb2 Re8 61. Nd1 Kg6 62. Nc3 Rd8 63. Re1 Bb8 64.
Ba1 Kf7 65. Rh1 Kg6 66. Kf1 Kg7 67. Kg2 Kg6 68. Bb2 Bc7 69. Bc1 Bb8 70. Bd2
Bc7 71. Rb1 Kg7 72. Be1 Kg6 73. Bf2 Rd7 74. Kf1 Kf7 75. Ke2 Kg6 76. Rh1 Kg7
77. Kd2 Kg6 78. Nd5 Bd8 79. Kc3 Rd6 80. Re1 Nd7 81. Kb3 Kf7 82. Rh1 Kg7 83.
c3 Rh6 84. Rxh6 Kxh6 85. d4 Kg6 86. Kc2 Bf6 87. dxc5 bxc5 88. Kd3 Kf7 89.
Ke4 Ke6 90. Nc7+ Kd6 91. Nd5 Ke6 92. Nc7+ Kd6 93. Nd5 Ke6 1/2-1/2

[Event "Charity Cup - Preliminari"]
[Site "Internet"]
[Date "19.03.2022"]
[Round "3"]
[White "Lei Tingjie"]
[Black "Vidit Santosh Gujrathi"]
[Result "0-1"]
[WhiteElo "2535"]
[BlackElo "2723"]
[EventDate "19.03.2022"]

1. e4 e5 2. Nf3 Nc6 3. Bc4 Nf6 4. Ng5 d5 5. exd5 Na5 6. Bb5+ c6 7. dxc6
bxc6 8. Bd3 Nd5 9. Nf3 Bd6 10. O-O Nf4 11. Nc3 Nxd3 12. cxd3 O-O 13. b3 c5
14. Ba3 Ba6 15. Re1 Re8 16. Ne4 Bxd3 17. Nxd6 Qxd6 18. Rc1 Nb7 19. Re3 Rad8
20. Ne1 Bb5 21. Rec3 Qxd2 22. Qxd2 Rxd2 23. Bxc5 Rxa2 24. Be3 Nd6 25. Nd3
a6 26. h3 f6 27. Nb4 Rb2 28. Nd3 Re2 29. Rd1 Nf5 30. Bb6 Rb8 31. Bc7 Rb7
32. Ba5 Rd7 33. Rc8+ Kf7 34. Rc7 Rxc7 35. Bxc7 Rc2 36. Bb6 Rc6 37. Ba7 Rc7
38. Bb6 Rb7 39. Bc5 Rd7 40. Nb2 Nd4 41. b4 Ke6 42. f3 g5 43. Kf2 h5 44. Rd2
h4 45. Nd1 Nb3 46. Rxd7 Bxd7 47. Bf8 Nc1 48. Nc3 Nd3+ 49. Ke3 Nf4 50. Kf2
Bc6 51. Ne2 Nd5 52. Bc5 Bb5 53. Nc1 Bc4 54. Bf8 Kd7 55. Ke1 Kc6 56. Kd2 Bf1
0-1

[Event "Charity Cup - Preliminari"]
[Site "Internet"]
[Date "19.03.2022"]
[Round "3"]
[White "Praggnanandhaa, Rameshbabu"]
[Black "Ju Wenjun"]
[Result "1-0"]
[WhiteElo "2619"]
[BlackElo "2560"]
[EventDate "19.03.2022"]

1. Nf3 d5 2. g3 Nf6 3. Bg2 e6 4. O-O Be7 5. b3 O-O 6. Bb2 c5 7. c4 d4 8. e3
Nc6 9. exd4 cxd4 10. Re1 a5 11. d3 Bd6 12. Nxd4 Nxd4 13. Bxd4 Bxg3 14. hxg3
Qxd4 15. Na3 Rd8 16. Qe2 Qb6 17. Qe3 Qxe3 18. Rxe3 a4 19. b4 Bd7 20. b5
Rab8 21. d4 Be8 22. Rd1 b6 23. Red3 Kf8 24. R3d2 h5 25. c5 Nd5 26. c6 f6
27. Bxd5 Rxd5 28. Rb2 Ke7 29. Rb4 e5 30. Nc4 Rxd4 31. Rxd4 exd4 32. c7 Rc8
33. Nxb6 Rxc7 34. Nd5+ Kd6 35. Nxc7 Kxc7 36. Rxa4 d3 37. Rc4+ Kb6 38. a4
Bf7 39. Rc6+ Ka5 40. Ra6+ Kb4 41. Rd6 1-0

[Event "Charity Cup - Preliminari"]
[Site "Internet"]
[Date "19.03.2022"]
[Round "3"]
[White "Van Foreest, Jorden"]
[Black "Le Quang Liem"]
[Result "1/2-1/2"]
[WhiteElo "2714"]
[BlackElo "2709"]
[EventDate "19.03.2022"]

1. e4 e5 2. Nc3 Nc6 3. Bc4 Nf6 4. d3 Bb4 5. Nf3 O-O 6. O-O d6 7. Ne2 Ne7 8.
c3 Ba5 9. Ng3 c6 10. Bb3 Ng6 11. d4 h6 12. h3 Re8 13. Bc2 d5 14. Nxe5 Nxe5
15. dxe5 Nxe4 16. Nxe4 dxe4 17. Qh5 g6 18. Qxh6 Rxe5 19. Re1 Qe7 20. Be3
Bb6 21. Bd4 Bxd4 22. cxd4 Qg5 23. Qxg5 Rxg5 24. Bxe4 Be6 25. h4 Rb5 26. b3
Kg7 27. Rad1 a5 28. Bc2 a4 29. bxa4 Rb2 30. Bb3 Bxb3 31. axb3 Rxb3 32. d5
cxd5 33. Rxd5 Rxa4 34. h5 Rab4 35. hxg6 Rb1 36. Rxb1 Rxb1+ 37. Kh2 Kxg6 38.
g4 b5 39. Rd6+ Kg7 40. Rb6 b4 41. Kg3 b3 42. Kf4 Rb2 43. f3 Rb1 44. Kf5 b2
45. f4 Kh7 46. Rb8 Kg7 47. Rb7 Kg8 48. Kg5 Kg7 49. f5 Rf1 50. Rxb2 f6+ 51.
Kh4 Rh1+ 52. Kg3 Rg1+ 53. Kf4 Rf1+ 54. Kg3 Rg1+ 55. Kf3 Rf1+ 56. Kg2 Ra1
57. Rb6 Ra3 58. Rd6 Rb3 59. Re6 Ra3 60. Kf2 Rb3 61. Re3 Rb1 62. Kg3 Rg1+
63. Kf4 Rf1+ 64. Rf3 Ra1 65. Re3 Rf1+ 66. Rf3 Ra1 67. Re3 Rf1+ 1/2-1/2

[Event "Charity Cup - Preliminari"]
[Site "Internet"]
[Date "19.03.2022"]
[Round "3"]
[White "Anton, David"]
[Black "Jones, Gawain"]
[Result "1-0"]
[WhiteElo "2694"]
[BlackElo "2672"]
[EventDate "19.03.2022"]

1. d4 Nf6 2. Nf3 g6 3. Nbd2 Bg7 4. e4 O-O 5. c3 d6 6. Be2 Nc6 7. O-O e5 8.
dxe5 Nxe5 9. Nxe5 dxe5 10. Qc2 a5 11. a4 Qe7 12. Nc4 b6 13. b3 Rd8 14. Bg5
Bb7 15. f3 Ba6 16. Rfd1 h6 17. Bh4 Qe6 18. Rxd8+ Rxd8 19. Rd1 Rd7 20. Bf2
Bf8 21. Rxd7 Nxd7 22. Nxe5 Qxe5 23. Bxa6 Bc5 24. Qd2 Bxf2+ 25. Kxf2 Nc5 26.
Bc4 Qxh2 27. Qd8+ Kg7 28. Qd4+ f6 29. b4 Qh4+ 30. Ke2 axb4 31. cxb4 Qh1 32.
bxc5 Qxg2+ 33. Qf2 Qh1 34. cxb6 Qb1 35. Qd4 Qc2+ 36. Ke1 Qc1+ 37. Kf2 Qc2+
38. Kf1 Qc1+ 39. Kg2 Qg5+ 40. Kf2 Qh4+ 41. Ke2 Qh2+ 42. Kd3 Qh3 43. b7
Qxf3+ 44. Kc2 Qg2+ 45. Kb3 1-0

[Event "Charity Cup - Preliminari"]
[Site "Internet"]
[Date "19.03.2022"]
[Round "4"]
[White "Niemann, Hans Moke"]
[Black "Jones, Gawain"]
[Result "1-0"]
[WhiteElo "2642"]
[BlackElo "2672"]
[EventDate "19.03.2022"]

1. e4 e5 2. Nf3 Nc6 3. Bb5 a6 4. Ba4 Nf6 5. O-O Bc5 6. Bxc6 dxc6 7. d3 Qe7
8. Nc3 Bg4 9. h3 Bh5 10. Be3 O-O-O 11. Bxc5 Qxc5 12. Qe2 Nd7 13. Qe3 f6 14.
Qxc5 Nxc5 15. g4 Bf7 16. h4 Be6 17. g5 Bg4 18. Nh2 Bh5 19. gxf6 gxf6 20. f3
Ne6 21. Ne2 c5 22. Rad1 Rd6 23. Kf2 Rhd8 24. Ke3 c4 25. Ng4 Nc5 26. d4 c6
27. Nf2 exd4+ 28. Rxd4 Rxd4 29. Nxd4 Na4 30. Rb1 c5 31. Ne2 b5 32. Ng3 Bg6
33. Ng4 Rf8 34. h5 Be8 35. Kf4 Kc7 36. h6 Bd7 37. Nf5 Be6 38. Ng7 Bxg4 39.
fxg4 Kd6 40. Rd1+ Kc6 41. Nf5 Rf7 42. Rd6+ Kb7 43. Rd8 Kc6 44. Rc8+ Kb6 45.
Nd6 Rd7 46. e5 fxe5+ 47. Kxe5 Re7+ 48. Kf6 Re2 49. b3 Rxc2 50. bxa4 Rf2+
51. Kg7 c3 52. a5+ Kxa5 53. Rxc5 Kb4 54. Rxc3 Rg2 55. Rc6 Rxg4+ 56. Kxh7 a5
57. Rb6 Kc5 58. Rxb5+ Kxd6 59. Rxa5 Ke6 60. Ra7 Kf6 61. a4 Rc4 62. a5 Rc5
63. a6 Rc8 64. Rb7 Ra8 65. a7 Rc8 66. Rb6+ Kf7 67. Ra6 Ra8 68. Ra1 Kf6 69.
Ra2 Kf7 70. Ra6 Kf8 71. Rf6+ Ke8 72. Kg8 Kd7+ 73. Kg7 1-0

[Event "Charity Cup - Preliminari"]
[Site "Internet"]
[Date "19.03.2022"]
[Round "4"]
[White "Le Quang Liem"]
[Black "Anton, David"]
[Result "1-0"]
[WhiteElo "2709"]
[BlackElo "2694"]
[EventDate "19.03.2022"]

1. d4 d5 2. c4 e6 3. Nf3 dxc4 4. e3 Nf6 5. Bxc4 a6 6. O-O c5 7. b3 Nbd7 8.
Ba3 b5 9. Be2 Bb7 10. Nbd2 Rc8 11. Bb2 Be7 12. a4 b4 13. Nc4 O-O 14. Rc1
Bd5 15. Nfe5 cxd4 16. Bxd4 Nxe5 17. Nxe5 Rxc1 18. Qxc1 Qa8 19. Qc7 Bd8 20.
Qd6 Bxg2 21. Rc1 Bb7 22. Nc6 Nd5 23. Bf3 Nc3 24. Qe5 f6 25. Qxe6+ Kh8 26.
Bxc3 bxc3 27. Rxc3 Ba5 28. Rc4 f5 29. Ne5 g6 30. Nxg6+ hxg6 31. Qxg6 Bd8
32. Qh6+ Kg8 33. Be2 Rf7 34. Rd4 Bf6 35. Bc4 Bxd4 36. Qg6+ Bg7 37. Qxf7+
Kh7 38. Qh5+ Bh6 39. Qxf5+ Kh8 40. Qf6+ Kh7 41. Bd3+ Be4 42. Qe7+ Kh8 43.
Bxe4 1-0